=LDR 00000nam 2200000 4500 =001 INLIS000000000002138 =005 20130612090511 =008 ***********************************Ind** =035 ##$$0010-061300000002138 =041 ##$$a Ind =082 ##$$a 726.1 =090 ##$$a 726.1 , Mur t =100 ##$$a Murcipto =245 ##$$a The Ciwa temple of Prambanan , Drs. Moertjipto, Drs. Bambang Prasetyo =260 ##$$a 1992 $b Yogyakarta =300 ##$$a 76 hlm , ilus , 18 cm =650 ##$$a Candi - Kuil =700 ##$$a Prasetyo, Bambang =850 ##$$a NBPNMAT